LEADER 01106cam0-2200373---450 001 990001282430403321 005 20200612181532.0 035 $a000128243 035 $aFED01000128243 035 $a(Aleph)000128243FED01 035 $a000128243 100 $a20001205d1970----km-y0itay50------ba 101 1 $aita$ceng 102 $aIT 105 $ay-------001yy 200 1 $aParola e oggetto$fWillard van Orman Quine$gintroduzione e traduzione di Fabrizio Mondadori 210 $aMilano$cIl Saggiatore$d1970 215 $aXLVIII, 354 p.$d24 cm 225 1 $a<>cultura$iBiblioteca di filosofia e metodo scientifico$v31 610 0 $aLinguaggio$aFilosofia 610 0 $aLinguistica 676 $a149.94 700 1$aQuine,$bWillard Van Orman$f<1908-2000>$058505 801 0$aIT$bUNINA$gRICA$2UNIMARC 901 $aBK 912 $a990001282430403321 952 $a118-E-13$b17320$fMA1 952 $aF.D.i. 0577$bF.D.i. 577$fFI1 952 $aP.1 L 436$bI.F.T.3232$fFLFBC 959 $aMA1 959 $aFI1 959 $aFLFBC 996 $aWord and Object, 1960$931118 997 $aUNINA